Horses / (Record no. 8269)

MARC details
000 -LEADER
fixed length control field 01239nam a22003137a 4500
001 - CONTROL NUMBER
control field 8269
003 - CONTROL NUMBER IDENTIFIER
control field FISKH
005 - DATE AND TIME OF LATEST TRANSACTION
control field 20250905153350.0
008 - FIXED-LENGTH DATA ELEMENTS--GENERAL INFORMATION
fixed length control field 250905b cb ||||| |||| 00| 0 eng d
020 ## - INTERNATIONAL STANDARD BOOK NUMBER
International Standard Book Number 9781848100459
040 ## - CATALOGING SOURCE
Original cataloging agency FISKH
Language of cataloging eng
Transcribing agency FISKH
Modifying agency FISKH
050 ## - LIBRARY OF CONGRESS CALL NUMBER
Classification number SF302.R44
082 ## - DEWEY DECIMAL CLASSIFICATION NUMBER
Classification number 636.1
100 ## - MAIN ENTRY--PERSONAL NAME
Personal name Regan, Lisa
245 ## - TITLE STATEMENT
Title Horses /
Statement of responsibility, etc. By Lisa Regan : Illustrated y Ian Jackson
250 ## - EDITION STATEMENT
Edition statement First published in 2008
260 ## - PUBLICATION, DISTRIBUTION, ETC.
Place of publication, distribution, etc. UK :
Name of publisher, distributor, etc. Miles Kelly Publishing Ltd,
Date of publication, distribution, etc. 2008.
300 ## - PHYSICAL DESCRIPTION
Extent 24 pages :
Other physical details color illustrations ;
Dimensions 24 cm .
490 ## - SERIES STATEMENT
Series statement I love
505 ## - FORMATTED CONTENTS NOTE
Formatted contents note M <br/>
520 ## - SUMMARY, ETC.
Summary, etc. With all their grace and beauty, who doesn't love horses? This book introduces readers to many different breeds of horses from the beautiful, limber Arabian To The diminutive, adorable Shetland pony. The detailed illustrations are accompanied by a wealth of information about these hoofed wonders. The book also includes fun activities for horse lovers to help draw them into the text.
521 8# - TARGET AUDIENCE NOTE
Target audience note 550 <br/>
Source Lexile estimate <br/>
521 8# - TARGET AUDIENCE NOTE
Target audience note M <br/>
Source Raz-Plus <br/>
650 ## - SUBJECT ADDED ENTRY--TOPICAL TERM
Topical term or geographic name entry element Horses
Form subdivision Non-fiction
650 ## - SUBJECT ADDED ENTRY--TOPICAL TERM
Topical term or geographic name entry element Animals
Form subdivision Non-fiction
700 ## - ADDED ENTRY--PERSONAL NAME
Personal name Jackson, Ian
Relator term Illustrator
942 ## - ADDED ENTRY ELEMENTS (KOHA)
Source of classification or shelving scheme Dewey Decimal Classification
Koha item type Books
Suppress in OPAC No
Holdings
Withdrawn status Lost status Source of classification or shelving scheme Damaged status Not for loan Collection Home library Current library Shelving location Date acquired Total Checkouts Full call number Barcode Date last seen Price effective from Koha item type
    Dewey Decimal Classification     Non-Fiction Footprints International School Library Network Toul Tom Poung Campus Footprints International School Library Network Toul Tom Poung Campus TTP Primary Yellow Bookshelves 09/05/2025   REG 636.1 SF302.R44 FISBK06311 09/05/2025 09/05/2025 Books